000 00447nam a2200181Ia 4500
003 GCL
008 140319s9999 xx 000 0 eng d
040 _aGCL /
_cGCL
082 0 4 _a635.9
_bR T
100 1 _aROSE, GRAHM
245 1 0 _aTHE TRADITIONAL GARDEN BOOK /
_cROSE, GRAHM
260 _a[S.N] :
_bDORLING KINDERSLEY ،
_c1989
300 _a192 PP
650 0 4 _aARTS
650 0 4 _aGARDENS
650 0 4 _aGARDENS, ENGLISH
942 _2ddc
_cBK
999 _c18867
_d18867